الكبائر: للحافظ شمس الدين محمد بن احمد بن عثمان الذهبى'' 748-673'' / (Record no. 54423)
[ view plain ]
| 000 -الفاتح | |
|---|---|
| حقل البيانات ثابتة الطول | 00757nam a2200205Ia 4500 |
| 008 - عناصر البيانات ثابتة الطول - معلومات عامة | |
| حقل البيانات ثابتة الطول | 140319s9999 xx 000 0 ara d |
| 040 ## - مصدر الفهرسة | |
| وكالة الفهرسة الأصلية | GCL / |
| وكالة النسخ | GCL |
| 082 04 - رقم تصنيف ديوى العشرى | |
| رقم التصنيف | 243 |
| رقم المادة | ا ك |
| 100 1# - المدخل الرئيسى - إسم شخصى | |
| الإسم الشخصى | ابوعبدالرحمن السلفى |
| 245 10 - بيان العنوان | |
| العنوان | الكبائر: للحافظ شمس الدين محمد بن احمد بن عثمان الذهبى'' 748-673'' / |
| بيان المسئوليه,etc | ابوعبدالرحمن السلفى |
| 700 1# - المدخل الاضافى - اسم شخصى | |
| الإسم الشخصى | مركز السنة |
| 700 1# - المدخل الاضافى - اسم شخصى | |
| الإسم الشخصى | مركز السنة للبحث العلمى |
| 260 ## - PUBLICATION, DISTRIBUTION, ETC. (IMPRINT) | |
| تاريخ النشر أو التوزيع | 1992 |
| 300 ## - الوصف المادى | |
| التعداد | 341 ص |
| 490 ## - بيان السلسلة | |
| عنوان السلسلة | |
| 650 04 - المدخل الاضافى بالموضوع-مصطلح موضوعى | |
| مصطلح موضوعي | الاسلام |
| 650 04 - المدخل الاضافى بالموضوع-مصطلح موضوعى | |
| مصطلح موضوعي | الكبائر ( الشريعة الاسلامية ) |
| 942 ## - عناصر المدخل الإضافي( كوها) | |
| مصدر التصنيف او مخطط الترفيف | Dewey Decimal Classification |
| Koha [default] item type | كتاب |
| 260 ## - PUBLICATION, DISTRIBUTION, ETC. (IMPRINT) | |
| -- | القاهرة : |
| -- | مكتبة السنة للنشر والتوزيع ، |
| حالة التراجع | حالة الفقد | حالة تلف | ليس للاعارة | المكان المؤقت | الموقع الحالى | تاريخ الاكتساب | اجمالي اﻻعارات | رقم الطلب | الباركود | تاريخ اخر مشاهدة | تاريخ تفعيل السعر | نوع وعاء كوها |
|---|---|---|---|---|---|---|---|---|---|---|---|---|
| مكتبة القاهرة الكبرى | مكتبة القاهرة الكبرى | 03/26/2014 | 243\ا ك | 130885 | 03/26/2014 | 03/26/2014 | كتاب | |||||
| مكتبة القاهرة الكبرى | مكتبة القاهرة الكبرى | 03/26/2014 | 243\ا ك | 130886 | 03/26/2014 | 03/26/2014 | كتاب | |||||
| مكتبة القاهرة الكبرى | مكتبة القاهرة الكبرى | 03/26/2014 | 243\ا ك | 130887 | 03/26/2014 | 03/26/2014 | كتاب |

